LEADER 00936cam0-22003251i-450- 001 990007447560403321 005 20070906115859.0 010 $a0-7656-0358-6 035 $a000744756 035 $aFED01000744756 035 $a(Aleph)000744756FED01 035 $a000744756 100 $a20030616d2001----km-y0itay50------ba 101 0 $aeng 102 $aUS 105 $aa-------001yy 200 1 $aChina's workers under assault$ethe exploitation of labor in a globalizing economy$fAnita Chan 210 $aArmonk$cM.E. Sharpe$d©2001 215 $aXV, 249 p.$cill.$d24 cm 225 1 $aAsia and the Pacific 610 0 $aMercato del lavoro$aCina 676 $a331.0951$v21$zita 700 1$aChan,$bAnita$0269067 801 0$aIT$bUNINA$gRICA$2UNIMARC 901 $aBK 912 $a990007447560403321 952 $aXIII A 245$b39877$fFSPBC 959 $aFSPBC 996 $aChina's workers under assault$9679015 997 $aUNINA LEADER 01013nam a2200301 i 4500 001 991002301289707536 005 20020503163807.0 008 000908s1976 it ||| | ita 035 $ab10344974-39ule_inst 035 $aEXGIL101621$9ExL 040 $aBiblioteca Interfacoltà$bita 082 0 $a235.4 100 1 $aHaag, Herbert$0159910 245 13$aLa credenza nel diavolo /$cHerbert Haag ; a cura di Aldo Gecchelin 260 $aMilano :$bMondadori,$c1976 300 $aXVI, 275 p. ;$c20 cm. 490 0 $aDocumentinuovi ;$v28 500 $aTrad. A. Gecchelin 500 $aTit. orig.: Teufelsglaube 650 4$aDemonio 700 1 $aGecchelin, Aldo 907 $a.b10344974$b21-02-17$c27-06-02 912 $a991002301289707536 945 $aLE002 235.4 HAA 945 $aLE002 Fil. III H 24$g1$i2002000466570$lle002$o-$pE0.00$q-$rl$s- $t0$u0$v0$w0$x0$y.i10405021$z27-06-02 996 $aCredenza nel diavolo$9204963 997 $aUNISALENTO 998 $ale002$b01-01-00$cm$da $e-$fita$git $h3$i1 LEADER 01660nas 2200529-a 450 001 996208143903316 005 20240413022542.0 035 $a(CKB)110978977743869 035 $a(CONSER)sn-85005251- 035 $a(EXLCZ)99110978977743869 100 $a19850528a19859999 --- a 101 0 $aeng 181 $ctxt$2rdacontent 182 $cc$2rdamedia 183 $acr$2rdacarrier 200 00$aAdvanced manufacturing technology 210 $aEnglewood, NJ $cTechnical Insights$d©1985- 215 $a1 online resource 300 $aTitle from caption. 300 $aRefereed/Peer-reviewed 311 $aPrint version: Advanced manufacturing technology. (DLC)sn 85005251 (OCoLC)12086349 0885-5684 531 $aADVANCED MANUFACTURING TECHNOLOGY MONTHLY REPORT 531 0 $aAdv. manuf. technol. 606 $aHigh technology$vPeriodicals 606 $aIndustrial arts$vPeriodicals 606 $aTechnology$vPeriodicals 606 $aHigh technology$2fast$3(OCoLC)fst00956404 606 $aIndustrial arts$2fast$3(OCoLC)fst00970804 606 $aTechnology$2fast$3(OCoLC)fst01145078 606 $aFertigung$2gnd 606 $aZeitschrift$2gnd 608 $aPeriodicals.$2fast 615 0$aHigh technology 615 0$aIndustrial arts 615 0$aTechnology 615 7$aHigh technology. 615 7$aIndustrial arts. 615 7$aTechnology. 615 7$aFertigung 615 7$aZeitschrift 676 $a670 712 02$aTechnical Insights, Inc. 906 $aJOURNAL 912 $a996208143903316 920 $aexl_impl conversion 996 $aAdvanced manufacturing technology$92348483 997 $aUNISA LEADER 02326oam 2200589zu 450 001 9910164687903321 005 20230828214422.0 010 $a0-8031-5068-7 035 $a(CKB)3170000000045412 035 $a(SSID)ssj0001490630 035 $a(PQKBManifestationID)11970120 035 $a(PQKBTitleCode)TC0001490630 035 $a(PQKBWorkID)11474792 035 $a(PQKB)10689081 035 $a(NjHacI)993170000000045412 035 $a(EXLCZ)993170000000045412 100 $a20160829h19881988 uy 0 101 0 $aeng 135 $aur||||||||||| 181 $ctxt$2rdacontent 182 $cc$2rdamedia 183 $acr$2rdacarrier 200 10$aWaste testing and quality assurance /$fDavid Friedman, editor 210 31$aPhiladelphia :$cAmerican Society for Testing & Materials,$d1988 210 4$a©1988 215 $a1 online resource (184 pages) $cillustrations 225 0 $aSpecial Technical Publications 300 $aBibliographic Level Mode of Issuance: Monograph 311 $a0-8031-1175-4 330 $aAnnotation Symposium [title] held in Washington, DC July 1986. Papers discuss leachability estimation, data quality assurance, and analytical method development and evaluation. Annotation copyrighted by Book News, Inc., Portland, OR. 410 0$aASTM special technical publication;$v999 606 $aFactory and trade waste$xAnalysis$vCongresses 606 $aFactory and trade waste$xLeaching$vCongresses 606 $aFactory and trade waste$xTesting$vCongresses 606 $aRefuse and refuse disposal$xAnalysis$vCongresses 606 $aRefuse and refuse disposal$xTesting$vCongresses 615 0$aFactory and trade waste$xAnalysis 615 0$aFactory and trade waste$xLeaching 615 0$aFactory and trade waste$xTesting 615 0$aRefuse and refuse disposal$xAnalysis 615 0$aRefuse and refuse disposal$xTesting 676 $a363.728 701 $aFriedman$b David$0525927 712 02$aUnited States.$bEnvironmental Protection Agency. 712 02$aAmerican Public Works Association. 712 02$aASTM International. 712 12$aSymposium on Solid Waste Testing and Quality Assurance 801 0$bPQKB 906 $aBOOK 912 $a9910164687903321 996 $aWaste Testing and Quality Assurance$92206704 997 $aUNINA LEADER 06028nam 22007933 450 001 996647831603316 005 20250216090301.0 010 $a3-8394-7371-3 024 7 $a10.1515/9783839473719 035 $a(CKB)37347886700041 035 $a(MiAaPQ)EBC31893995 035 $a(Au-PeEL)EBL31893995 035 $a(OCoLC)1491350429 035 $a(DE-B1597)696772 035 $a(DE-B1597)9783839473719 035 $a(ScCtBLL)d8cf7f34-7978-4fcc-9bc4-2f09d3f8755b 035 $a(EXLCZ)9937347886700041 100 $a20250216d2025 uy 0 101 0 $ager 135 $aur||||||||||| 181 $ctxt$2rdacontent 182 $cc$2rdamedia 183 $acr$2rdacarrier 200 10$a»Im Grunde Ist Alles, Was Gesagt Wird, Zitiert« $eDie Kreative und Intertextuelle Thomas-Bernhard-Rezeption 205 $a1st ed. 210 1$aBielefeld :$ctranscript Verlag,$d2025. 210 4$d©2024. 215 $a1 online resource (0 pages) 225 0 $aLettre 311 08$a3-8376-7371-5 327 $aCover -- Inhalt -- 0. Vorbemerkungen -- 0.1. Einleitung -- 0.2. Zur Vorgehensweise -- 0.3. Forschungsstand -- I. Bernhard umschreiben: Hypertextuelle Transformationen -- I.1. Der Hypotext: Thomas Bernhard: Gehen (1971) -- I.2. Barbi Markovi?: Ausgehen (2009) -- I.3. Gabriel Josipovici: Moo Pak (1994) -- II. Bernhard weiterschreiben: Einfluss, Imitation, Weiterentwicklung -- II.1. Theoretische Vorbemerkungen -- II.1.1. Mimotextualität -- II.1.2. Einfluss und Einflussangst -- II.2. Der Hypotext: Das Bernhardeske -- II.2.1. Frühwerk: Stilfindung und Antiheimatliteratur -- II.2.2. Mittleres Werk: Tragikomische ?Geistesmenschen in der Wiederholungsschleife? -- II.2.3. Spätwerk: Künstlertexte, Transfiktionalität und poetologische Schreibweisen -- II.3. Hermann Burger -- II.3.1. Poetik: Krankheit als Stimulus, Literatur als Maske -- II.3.2. Der ?Prosalehrer? Thomas Bernhard -- II.3.2.1. Frühwerk: konvergente Entwicklungen -- II.3.2.2. Mittleres Werk: Punktuelle Mimesis und eigenständige Fortschreibung -- II.3.2.3. Spätwerk: selbstbezügliches Schreiben, extensive Mimesis und fatale Imitation -- II.4. Andreas Maier -- II.4.1. Poetik: Gesellschaftliche und literarische Wahrheit -- II.4.2. Der ?wirre Autor? Thomas Bernhard -- II.4.2.1. Die Verführung. Thomas Bernhards Prosa: Vermeintliche Destruktion -- II.4.2.2. Wäldchestag, Klausen und Kirillow: Instrumentale Mimotexte -- II.4.2.3. Sanssouci und Es gab eine Zeit, da habe ich Thomas Bernhard gemocht: Versöhnung und Emanzipation -- II.5. Exkurs: Norbert Gstrein: Selbstportrait mit einer Toten (2000) -- III. Bernhard schreiben: Transfiktionale und allofiktionale Rezeption -- III.1. Theoretische Vorbemerkungen -- III.1.1. Autofiktion und der öffentliche Autor -- III.1.2. Allofiktion und Fortschreibung -- III.1.3. Exkurs: Dichterfürst und Teufelsgeiger -- III.2. Der Hypotext: Bernhard als Kunstfigur. 327 $aIII.2.1. Innerliterarische Selbstzuschreibungen: Autofiktion und Selbstliterarisierung -- III.2.2. Außerliterarische Selbstzuschreibungen: Filmportraits und Interviewfilme -- III.3. Begegnungen und Besuche -- III.3.1. Karl Ignaz Hennetmair: Ein Jahr mit Thomas Bernhard (2000) -- III.3.2. Hermann Burger: Zu Besuch bei Thomas Bernhard (1981) -- III.3.3. Gemma Salem: Brief an Thomas Bernhard (1991) -- III.4. Posthume Allofiktionen -- III.4.1. A.G. Marketsmüller: Cassiber Thomas Bernhard (2011) -- III.4.2. Rudolf Habringer: Thomas Bernhard seilt sich ab (2004) -- III.4.3. Alexander Schimmelbusch: Die Murau Identität (2014) -- III.5. Exkurs: Der Lebensabend und Tod des Autors -- III.5.1. Gerhard Falkner: Alte Helden. Deklamatorische Farce (1998) -- III.5.2. Werner Kofler: Am Schreibtisch (1988) -- IV. Fazit -- V. Quellenverzeichnis -- V.1. Primärtextsiglen -- V.2. Weitere Primärtexte -- V.3. Sekundärliteratur -- V.4. Medienverzeichnis -- Filme und Videos -- Musik -- V.5. Weitere Quellen -- Archivmaterial -- Weitere Internetquellen -- Software und Skripte -- VI. Danksagung. 330 $aDas Zitieren und Imitieren ist eines der zentralen Stilmittel in Thomas Bernhards Prosa: der Famulant zitiert Strauch, der Student zitiert Saurau, der Erzähler zitiert Oehler, Oehler zitiert Karrer, alle zitieren sie Wittgenstein oder Voltaire ? und Bernhard zitiert oftmals Bernhard. Und auch Bernhard selbst wird zitiert: Wohl kaum ein*e deutschsprachige*r Autor*in hat eine derart umfassende und variantenreiche Wirkung entfaltet. Robin-M. Aust fokussiert auf die vielfältige, literarische Rezeption und Transformation von Bernhards Prosa in Texten der Gegenwartsliteratur. Darüber hinaus wirft er einen Blick auf die Zeichenhaftigkeit von Bernhards öffentlicher Persona sowie ihre Literarisierung in fiktionalen Texten und beleuchtet so das produktive Spannungsverhältnis zwischen Adaptionen und ihrer Quelle. 606 $aLITERARY CRITICISM / European / German$2bisacsh 610 $aAdaption. 610 $aAllgemeine Literaturwissenschaft. 610 $aAuthorship. 610 $aAutorschaft. 610 $aCitation. 610 $aContemporary Literature. 610 $aCulture. 610 $aGegenwartsliteratur. 610 $aGerman Literature. 610 $aGermanistik. 610 $aHermann Burger. 610 $aImitation. 610 $aIntertextuality. 610 $aIntertextualität. 610 $aKultur. 610 $aLiterary Studies. 610 $aLiteratur. 610 $aLiterature. 610 $aLiteraturwissenschaft. 610 $aPerception. 610 $aRezeption. 610 $aSign. 610 $aThomas Bernhard. 610 $aZeichen. 610 $aZitation. 615 7$aLITERARY CRITICISM / European / German. 700 $aAust$b Robin-M$01788960 701 $aRo?ckenhaus$b Kordula$00 801 0$bMiAaPQ 801 1$bMiAaPQ 801 2$bMiAaPQ 906 $aBOOK 912 $a996647831603316 996 $a»Im Grunde Ist Alles, Was Gesagt Wird, Zitiert«$94324300 997 $aUNISA